[Event "EU-ch U12 Girls 25th"]
[Site "Porec"]
[Date "2015.09.25"]
[Round "5"]
[White "Garafutdinova, Diana"]
[Black "Strukova, Ksenia"]
[Result "0-1"]
[WhiteElo "1463"]
[BlackElo "1603"]
[PlyCount "104"]
[EventDate "2015.09.21"]
[EventType "swiss"]
[EventRounds "9"]
[EventCountry "CRO"]
[SourceTitle "EXT 2016"]
[Source "ChessBase"]
[SourceDate "2015.10.08"]
[SourceVersion "1"]
[SourceVersionDate "2015.10.08"]
[SourceQuality "1"]

1. e4 c5 2. Nf3 e6 3. d4 cxd4 4. Nxd4 Nc6 5. Be3 Qc7 6. Nb5 Qb8 7. Nd2 a6 8. Nc3 Nf6 9. Na4 Qe5 10. f4 Qa5 11. c3 Qc7 12. Qf3 b5 13. Nb6 Rb8 14. e5 Ng8 15. Nxc8 Rxc8 16. Ne4 Nh6 17. Ng3 d6 18. exd6 Bxd6 19. Bd3 Ne7 20. Ne4 Nd5 21. Nxd6+ Qxd6 22. Rd1 Qe7 23. Bc1 Qh4+ 24. Qg3 Qxg3+ 25. hxg3 Ng4 26. Ke2 Ngf6 27. Kf3 h5 28. f5 0-0 29. Bg5 Rce8 30. fxe6 fxe6 31. Ke2 Ng4 32. Rhf1 Rxf1 33. Rxf1 Ne5 34. Be4 Ne7 35. Bb7 Nf5 36. Bf4 Ng6 37. Kf3 e5 38. Be3 Nd6 39. Bd5+ Kf8 40. Rh1 e4+ 41. Ke2 Re5 42. Bb3 Nf5 43. Bf4 Nxf4+ 44. gxf4 Ng3+ 45. Ke3 Rc5 46. Rh3 h4 47. Be6 Rc6 48. Bd5 Rd6 49. Bb3 Rd3+ 50. Kf2 Rd2+ 51. Ke1 Re2+ 52. Kd1 e3 0-1

[Event "EU-ch U12 Girls 25th"]
[Site "Porec"]
[Date "2015.09.24"]
[Round "4"]
[White "Radikovic, Anamarija"]
[Black "Garafutdinova, Diana"]
[Result "0-1"]
[WhiteElo "1637"]
[BlackElo "1463"]
[PlyCount "84"]
[EventDate "2015.09.21"]
[EventType "swiss"]
[EventRounds "9"]
[EventCountry "CRO"]
[SourceTitle "EXT 2016"]
[Source "ChessBase"]
[SourceDate "2015.10.08"]
[SourceVersion "1"]
[SourceVersionDate "2015.10.08"]
[SourceQuality "1"]

1. d4 Nf6 2. Bg5 g6 3. Bxf6 exf6 4. e4 Bg7 5. Bc4 d6 6. Nf3 Nc6 7. c3 0-0 8. 0-0 f5 9. d5 Ne7 10. exf5 Bxf5 11. Nd4 Bd7 12. Na3 Kh8 13. Re1 Ng8 14. Qd3 Nf6 15. h3 Nh5 16. Nac2 Nf4 17. Qe3 Be5 18. Nf3 Re8 19. Nxe5 dxe5 20. Qg3 f6 21. Rad1 a5 22. Ne3 b5 23. Bb3 a4 24. Bc2 Bc8 25. Rd2 Bb7 26. Red1 Ra6 27. Bd3 Nxd3 28. Rxd3 Rd6 29. b3 axb3 30. axb3 Qd7 31. c4 bxc4 32. bxc4 Qe7 33. Rb1 Ba8 34. c5 Rdd8 35. Rc1 f5 36. Nf1 f4 37. Qg4 Bxd5 38. Rcd1 Be6 39. Qe2 Bc4 40. Qc2 Bxd3 41. Rxd3 Rxd3 42. Qxd3 Qxc5 0-1